| 000 -LEADER |
| fixed length control field |
00577nam a22001577a 4500 |
| 005 - DATE AND TIME OF LATEST TRANSACTION |
| control field |
20231113124256.0 |
| 008 - FIXED-LENGTH DATA ELEMENTS--GENERAL INFORMATION |
| fixed length control field |
231113s1974 un ||||| |||| 00| 0 ukr d |
| 041 ## - LANGUAGE CODE |
| Language code of text/sound track or separate title |
ukr |
| 080 ## - UNIVERSAL DECIMAL CLASSIFICATION NUMBER |
| Universal Decimal Classification number |
902.6 Л-50 |
| 100 ## - MAIN ENTRY--PERSONAL NAME |
| Personal name |
Лєсков, О. |
| 9 (RLIN) |
20352 |
| 245 ## - TITLE STATEMENT |
| Title |
Скарби курганів Херсонщини / |
| Statement of responsibility, etc. |
О. Лєсков. |
| 264 ## - PRODUCTION, PUBLICATION, DISTRIBUTION, MANUFACTURE, AND COPYRIGHT NOTICE |
| Place of production, publication, distribution, manufacture |
Київ : |
| Name of producer, publisher, distributor, manufacturer |
Мистецтво, |
| Date of production, publication, distribution, manufacture, or copyright notice |
1974. |
| 300 ## - PHYSICAL DESCRIPTION |
| Extent |
124 стр.: |
| Other physical details |
ил.; |
| Dimensions |
20 см. |
| 653 ## - INDEX TERM--UNCONTROLLED |
| keyword |
ხერსონის რეგიონის ბორცვების საგანძური |
| 942 ## - ADDED ENTRY ELEMENTS (KOHA) |
| Source of classification or shelving scheme |
|
| Koha item type |
წიგნი |